Resistencia y sumisión. Cartas y apuntes desde el cautiverio.

Uloženo v:
Podrobná bibliografie
Hlavní autor: Bonhoeffer, Dietrich, 1906-1945 (autor)
Další autoři: Bethge, Eberhard (edición)
Médium: Kniha
Jazyk:španělština
Vydáno: Salamanca, España: Ediciones Sígueme, 2008.
Edice:El Peso de los Días,
Témata:
Tagy: Přidat tag
Žádné tagy, Buďte první, kdo vytvoří štítek k tomuto záznamu!

MARC

LEADER 00000nam a2200000 a 4500
001 UCQ2175
003 CL-VaPUC
005 20231121093455.0
008 980721t20080000SP |||||||||||||||||spa|d
999 |c 441486  |d 441484 
020 |a 978-84-301-1598-3 
040 |c Pontificia Universidad Católica de Valparaíso 
082 0 4 |a 838 BON 2008  |2 21 
100 |a Bonhoeffer, Dietrich,  |d 1906-1945  |e autor  |9 349305 
245 1 0 |a Resistencia y sumisión.   |b Cartas y apuntes desde el cautiverio.  
260 |a Salamanca, España:  |b Ediciones Sígueme,   |c 2008. 
300 |a 255 páginas. 
490 |a El Peso de los Días,   |n  51. 
500 |a c.1 Donación Sr. Jorge Precht Pizarro. 26-05-23. Biblioteca Teología. 
583 |a last modification  |c 19980721 00:00:00  |k Yessy Sthefany Diaz Vidal 
600 0 |a Bonhoeffer, Dietrich,  |d 1906-1945  |e autor  |x Teólogo alemán  |v Cartas   |x Prisionero de guerra   |9 349305 
650 0 |a Nazismo   |x Aspectos religiosos   |v Cartas, poemas y diarios personales   |9 347078  |z Alemania  
700 |9 884015  |a Bethge, Eberhard  |e edición 
942 |c BK  |2 ddc 
945 |d 19980721 00:00:00  |a aalvarez 
952 |0 0  |1 0  |2 ddc  |4 0  |6 838_000000000000000_BON_2008  |7 0  |8 A  |9 591092  |a BIBTEO  |b BIBTEO  |c GEN  |d 2023-08-02  |e Donación   |i 5658247  |o 838 BON 2008  |p 5658247  |r 2025-01-17  |t 1  |w 2023-08-02  |y BK  |k ICR